Les 30 joueurs les + chers de l'Atlético - Statistiques

Statistiques générales
  • Ce quiz a été pris 64 fois
    9 depuis la dernière actualisation
  • Le résultat moyen est 20 sur 30
Statistiques - réponses
# Saison Provenance Poste Valeur du transfert Pays Réponse % Correct
5 14/15 Real Sociedad A 54 000 000 € France Antoine Griezmann
100%
28 23/24 FC Barcelona A 22 000 000 € France Antoine Griezmann
100%
1 19/20 SL Benfica A 127 200 000 € Portugal João Félix
100%
2 24/25 Manchester City A 75 000 000 € Argentine Julián Alvarez
100%
10 21/22 Udinese Calcio M 35 000 000 € Argentine Rodrigo De Paul
100%
3 18/19 AS Monaco M 72 000 000 € France Thomas Lemar
100%
6 25/26 Villarreal CF A 42 000 000 € Espagne Álex Baena
86%
11 20/21 Chelsea FC A 35 000 000 € Espagne Álvaro Morata
86%
7 24/25 Chelsea FC M 42 000 000 € Angleterre Conor Gallagher
86%
4 17/18 Chelsea FC A 60 000 000 € Espagne Diego Costa
86%
26 14/15 FC Bayern München A 22 000 000 € Croatie Mario Mandžukić
86%
18 20/21 Dalian Pro A 27 000 000 € Belgique Yannick Carrasco
86%
15 24/25 Villarreal CF A 32 000 000 € Norvège Alexander Sørloth
71%
19 25/26 Feyenoord Rotterdam D 26 000 000 € Slovaquie Dávid Hancko
71%
27 25/26 SSC Napoli A 22 000 000 € Italie Giacomo Raspadori
71%
22 25/26 Real Betis Balompié M 24 000 000 € États-Unis Johnny Cardoso
71%
24 19/20 Tottenham Hotspur D 22 000 000 € Angleterre Kieran Trippier
71%
13 21/22 Hertha BSC A 35 000 000 € Brésil Matheus Cunha
71%
8 11/12 FC Porto A 40 000 000 € Colombie Radamel Falcao
71%
30 25/26 Botafogo FR M 21 000 000 € Argentine Thiago Almada
71%
12 15/16 FC Porto A 35 000 000 € Colombie Jackson Martínez
57%
16 16/17 Sevilla FC A 32 000 000 € France Kévin Gameiro
57%
17 19/20 Real Madrid CF M 30 000 000 € Espagne Marcos Llorente
57%
14 24/25 Real Sociedad D 34 500 000 € Espagne Robin Le Normand
57%
29 19/20 CA Paranaense D 21 750 000 € Brésil Renan Lodi
43%
23 06/07 CA Independiente A 23 000 000 € Argentine Sergio Agüero
43%
25 18/19 Sporting CP A 22 000 000 € Portugal Gelsons Martins
14%
9 17/18 Sevilla FC A 35 600 000 € Espagne Vitolo
14%
21 19/20 RCD Espanyol de Barcelona D 25 000 000 € Espagne Mario Hermoso
0%
20 16/17 SL Benfica M 25 000 000 € Argentine Nico Gaitán
0%
Aucun quiz correspondant
Distribution des résultats
% des personnes avec chaque résultat
Percentile par nombre de réponses
Votre historique - résultats
Vous n’avez pas pris ce quiz depuis la dernière actualisation